Normal view MARC view
  • Landgraf, R.W, M.R Mitchell

Entry Personal Name

Number of records used in: 1

001 - CONTROL NUMBER

  • control field: 66593

003 - CONTROL NUMBER IDENTIFIER

  • control field: NUST

005 - DATE AND TIME OF LATEST TRANSACTION

  • control field: 20210628203623.0

008 - FIXED-LENGTH DATA ELEMENTS

  • fixed length control field: 210628|| aca||aabn | a|a d

040 ## - CATALOGING SOURCE

  • Original cataloging agency: NUST
  • Transcribing agency: NUST

100 ## - HEADING--PERSONAL NAME

  • Personal name: Landgraf, R.W, M.R Mitchell

670 ## - SOURCE DATA FOUND

  • Source citation: Work cat.: (NUST): Landgraf, R.W, M.R Mitchell, Advances in fatigue lifetime predictive techniques, 3rd volume, 1996
© 2023 Central Library, National University of Sciences and Technology. All Rights Reserved.